International Investment Position of Pakistan (Record no. 349184)
[ view plain ]
| 000 -LEADER | |
|---|---|
| fixed length control field | 00442 a2200157 4500 |
| 003 - CONTROL NUMBER IDENTIFIER | |
| control field | NUST |
| 038 ## - RECORD CONTENT LICENSOR | |
| Staff Name | A |
| 082 ## - DEWEY DECIMAL CLASSIFICATION NUMBER | |
| Classification number | 330 |
| Author Mark | SBP |
| 100 ## - MAIN ENTRY--PERSONAL NAME | |
| Personal name | State Bank of Pakistan |
| 9 (RLIN) | 12304 |
| 245 ## - TITLE STATEMENT | |
| Title | International Investment Position of Pakistan |
| Statement of responsibility, etc. | State Bank of Pakistan. |
| 260 ## - PUBLICATION, DISTRIBUTION, ETC. | |
| Place of publication, distribution, etc. | Pakistan |
| Name of publisher, distributor, etc. | State Bank of Pakistan. |
| Date of publication, distribution, etc. | 2009. |
| 300 ## - PHYSICAL DESCRIPTION | |
| Extent | 51p. |
| 500 ## - GENERAL NOTE | |
| General note | Paper cover |
| 563 ## - BINDING INFORMATION | |
| Binding note | P.B |
| 942 ## - ADDED ENTRY ELEMENTS (KOHA) | |
| Institution code [OBSOLETE] | NBS |
| Koha item type | Book |
| Call number prefix | 332.1224’9591 SBP |
| Source of classification or shelving scheme | |
| Withdrawn status | Lost status | Source of classification or shelving scheme | Damaged status | Not for loan | Permanent Location | Current Location | Date acquired | Full call number | Barcode | Date last seen | Price effective from | Koha item type | Public note |
|---|---|---|---|---|---|---|---|---|---|---|---|---|---|
| Central Library (CL) | Central Library (CL) | 08/03/2021 | 330 SBP | S3H-N-1710 | 08/03/2021 | 08/03/2021 | Book | NBSR-85 | |||||
| Central Library (CL) | Central Library (CL) | 08/03/2021 | 330 SBP | S3H-N-1711 | 08/03/2021 | 08/03/2021 | Book | NBSR-86 |
